World Cup Winners - Statistics

General Stats
  • This quiz has been taken 42 times
  • The average score is 20 of 21
Answer Stats
Year Answer % Correct
1998 France
100%
2018 France
100%
2014 Germany
100%
2010 Spain
100%
1930 Uruguay
100%
1950 Uruguay
100%
1958 Brazil
97%
1962 Brazil
97%
1970 Brazil
97%
1994 Brazil
97%
2002 Brazil
97%
1966 England
97%
1934 Italy
97%
1938 Italy
97%
1982 Italy
97%
2006 Italy
97%
1978 Argentina
95%
1986 Argentina
95%
1954 West Germany
87%
1974 West Germany
87%
1990 West Germany
87%
No matching quizzes found
Score Distribution
Percent of People with Each Score
Percentile by Number Answered
Your Score History
You have not taken this quiz